| 000 | 00925nam a2200253Ia 4500 | ||
|---|---|---|---|
| 003 | OSt | ||
| 005 | 20220923212758.0 | ||
| 006 | a|||||r|||| 00| 0 | ||
| 007 | ta | ||
| 008 | 220922b |||||||| |||| 00| 0 hin d | ||
| 024 | _a155,768 | ||
| 037 | _cTextual | ||
| 040 |
_aARTS _cARTS _bhin |
||
| 041 |
_2hin _ahin |
||
| 082 | _aO152:g(V2y7M69), L3 | ||
| 100 | _aजोशी, अरविन्द | ||
| 245 | 0 | _aगांधी विचारधारा का हिन्दी साहित्य पर प्रभाव | |
| 246 | _aGāandhī vichāradhārā kā hindī sāhitya par prabhāva | ||
| 260 |
_aमथुरा _b जवाहार पुस्तकालय _c1973 |
||
| 300 |
_a530 पृ. _ccm. |
||
| 650 |
_aहिन्दी साहित्य _9156264 |
||
| 942 |
_hO152:g(V2y7M69), L3 _cTEXL _2CC |
||
| 999 |
_c311236 _d311236 |
||